000 00853nam a2200181Ia 4500
008 090124s9999 xx 000 0 und d
082 _b28316
100 _aचित्राव सिध्देश्र्वरशास्त्री
245 _a ओथर्ववेदाचे मराठी भाषांतर
250 _a0
260 _b"भारतीय चरित्रकोश मंडळ ,पुणे 4"
_c1972
300 _a601
600 _aचित्राव सिध्देश्र्वरशास्त्री
630 _a ओथर्ववेदाचे मराठी भाषांतर
700 _aचित्राव सिध्देश्र्वरशास्त्री
730 _a ओथर्ववेदाचे मराठी भाषांतर
942 _cBOOK
999 _c96597
_d96597